ITA Airways Destinations on a Map - Statistics

General Stats
  • This quiz has been taken 160 times
  • The average score is 64 of 71
Answers on the Map
Answers color-coded by a green-red scale on the quiz's map according to % correct below.
 
Answer Stats
Country Answer % Correct
United States Miami
100%
United States New York
100%
Greece Athens
99%
Spain Barcelona
99%
United States Boston
99%
Egypt Cairo
99%
India Delhi
99%
UAE Dubai
99%
United States Los Angeles
99%
Spain Madrid
99%
Germany Munich
99%
Brazil Rio de Janeiro
99%
Italy Rome
99%
United States San Francisco
99%
Japan Tokyo
99%
Thailand Bangkok
98%
Argentina Buenos Aires
98%
United States Chicago
98%
United Kingdom London
98%
France Paris
98%
Saudi Arabia Riyadh
98%
Brazil Sao Paulo
98%
Israel Tel Aviv
98%
United States Washington
98%
The Netherlands Amsterdam
97%
Belgium Brussels
97%
Germany Frankfurt
97%
Turkey Istanbul
97%
Italy Milan
97%
Canada Toronto
97%
Tunisia Tunis
97%
Switzerland Zurich
97%
Algeria Algiers
96%
Germany Hamburg
95%
Italy Naples
95%
Italy Venice
95%
Senegal Dakar
94%
Switzerland Geneva
94%
Saudi Arabia Jeddah
94%
France Nice
94%
Bulgaria Sofia
94%
Germany Stuttgart
94%
Maldives Male
93%
Malta Malta
93%
Italy Turin
93%
Italy Florence
92%
Ghana Accra
91%
Germany Dusseldorf
90%
Albania Tirana
90%
Italy Genoa
89%
Spain Ibiza
89%
Italy Bologna
88%
Spain Palma de Mallorca
88%
Italy Bari
87%
Italy Palermo
87%
Greece Thessaloniki
84%
Greece Heraklion
82%
Italy Catania
81%
Greece Corfu
81%
Italy Cagliari
80%
Spain Menorca
79%
Greece Rhodes
78%
Italy Trieste
78%
Italy Brindisi
68%
Italy Olbia
65%
Italy Lampedusa
61%
Italy Alghero
56%
Italy Lamezia Terme
56%
Italy Reggio Calabria
53%
Greece Kefalonia
50%
Italy Pantelleria
44%
No matching quizzes found
Score Distribution
Percent of People with Each Score
Percentile by Number Answered
Your Score History
You have not taken this quiz